| 000 | 00975nas a2200301 4500 | ||
|---|---|---|---|
| 001 | BR0404328 | ||
| 003 | BR-BrBNA | ||
| 005 | 20231205104821.0 | ||
| 007 | ta | ||
| 008 | 230509b bl.|||p| |||| 00| 00por d | ||
| 040 |
_aBR-BrBNA _bpor _cBiblioteca Nacional de Agricultura |
||
| 041 | _a(Pt) | ||
| 072 | _aF02 | ||
| 100 | 1 | _aMiranda, C.S. de | |
| 100 | 1 | _aChalfun, N.N.J. | |
| 100 | 1 | _aDutra, L.F. | |
| 100 | 1 | _aHoffmann, A. | |
| 100 | 1 | _aCoelho, G.V. de A. | |
| 245 | 1 | _aEnraizamento de estacas lenhosas de porta-enxertos para pessegueiro; 1. umezeiro | |
| 650 | _aAMEIXA JAPONESA | ||
| 650 | _aENRAIZAMENTO DE ESTACA | ||
| 650 | _aPROPAGAÇÃO VEGETATIVA | ||
| 650 | _aCULTURA DE TECIDO | ||
| 773 | 0 |
_tRevista Brasileira de Agrociência (Brazil) _xISSN 0104-8996 _g(Jul-Sep 2003), v. 9(3) p. 229-232 _wBR0404328 |
|
| 856 | 4 | 0 | _uhttp://www.ufpel.tche.br/faem/agrociencia/v9n3/artigo07.htm |
| 909 |
_a202311 _bLúcia _c55 _dLúcia Elande |
||
| 942 |
_2AGRIS _n0 _cANA |
||
| 999 |
_c179813 _d179813 |
||